UFC Champions by Country - Statistics

General Stats
  • This quiz has been taken 95 times
  • The average score is 13 of 21
Answer Stats
Hint Answer % Correct
60 Champions USA
99%
5 Champions Russia
97%
20 Champions Brazil
95%
2 Champions Mexico
78%
3 Champions Australia
76%
3 Champions Canada
74%
3 Champions England
73%
2 Champions Nigeria
73%
1 Champion China
72%
2 Champions Georgia
72%
1 Champion Ireland
63%
1 Champion South Africa
60%
1 Champion New Zealand
56%
2 Champions Poland
56%
1 Champion Cameroon
42%
1 Champion UAE
40%
1 Champion Myanmar
37%
1 Champion Czech Republic
36%
1 Champion Kyrgyzstan
27%
2 Champions Netherlands
27%
1 Champion Belarus
17%
No matching quizzes found
Score Distribution
Percent of People with Each Score
Percentile by Number Answered
Your Score History
You have not taken this quiz